Smery zlepšovania SCM
Šesť smerov, ktoré majú dôležitú úlohu pri zlepšovaní riadenia dodávateľského reťazca (SCM - supply chain management). Znižovanie zložitosti. Kontroling. Zapojenie dodávateľov. Organizačné zakotvenie SCM. Lepšie plánovanie a spružnenie.
Saved in:
| Format: | Book Chapter |
|---|---|
| Language: | Slovak |
| Subjects: | |
| Tags: |
No Tags, Be the first to tag this record!
|
MARC
| LEADER | 00000naa$a2200000$$$4500 | ||
|---|---|---|---|
| 001 | 0056921 | ||
| 005 | 20231108134009.7 | ||
| 041 | 0 | |a slo | |
| 044 | |a SK | ||
| 245 | 1 | 0 | |a Smery zlepšovania SCM |
| 520 | |a Šesť smerov, ktoré majú dôležitú úlohu pri zlepšovaní riadenia dodávateľského reťazca (SCM - supply chain management). Znižovanie zložitosti. Kontroling. Zapojenie dodávateľov. Organizačné zakotvenie SCM. Lepšie plánovanie a spružnenie. | ||
| 610 | 2 | 0 | |a riadenie reťazcov dodávateľských |
| 610 | 2 | 0 | |a dodávatelia |
| 610 | 2 | 0 | |a odberatelia |
| 610 | 2 | 0 | |a kontroling |
| 610 | 2 | 0 | |a štruktúra organizačná |
| 610 | 2 | 0 | |a plánovanie |
| 610 | 2 | 0 | |a manažment |
| 610 | 2 | 0 | |a výkazníctvo finančné |
| 610 | 2 | 0 | |a dodávky |
| 610 | 2 | 0 | |a náklady |